000 00517nam a2200193Ia 4500
005 20250923144657.0
008 008 250917s9999 xx 000 0 eng d
037 _aTextual
040 _aDSWL
_beng
_cDSWL
041 _aeng
_2eng
084 _aY1u1.N5, J9
_qDSWL
245 0 _aContemporary sociology
_cEd. by Joseph Roucek
260 _aLondon
_b Peter Owen Ltd.
_c1957
300 _axii,1209p.
365 _aINR
_b70
925 _g70
942 _cTEXL
_hY1u1.N5, J9
999 _c1441926
_d1441926